Peter Stutchbury : selected projects /

"Peter Stutchbury is one of Australia’s most awarded and most influential architects. His expressive and environmentally responsible designs point to the new architectural direction of the 21st century, as our built world adapts to the need for sustainability and to a need for reconciliation wi...

Full description

Bibliographic Details
Other Authors: Bingham-Hall, Patrick
Format: Book
Language:English
Published: Sidney : Pesaro publishing, 2010.
Subjects:
Classic Catalogue: View this record in Classic Catalogue
LEADER 02255nam a22003017a 4500
001 33280
003 BD-DhAAL
005 20250625115042.0
008 180709t2010 at a|||| b||| 00| 0 eng d
020 |a 9781877015267 
040 |a BD-DhAAL  |d BD-DhAAL 
082 |a 720.994  |2 21 
245 |a Peter Stutchbury :  |b selected projects /  |c edited by Patrick Bingham-Hall. 
260 |a Sidney :  |b Pesaro publishing,  |c 2010. 
300 |a 147 pages :  |b color illustrations ;  |c 25 cm. 
504 |a Includes bibliographical references 
520 |a "Peter Stutchbury is one of Australia’s most awarded and most influential architects. His expressive and environmentally responsible designs point to the new architectural direction of the 21st century, as our built world adapts to the need for sustainability and to a need for reconciliation with the environment. This monograph features Peter Stutchbury’s most significant projects, including his delightful harbourside houses in Sydney, the Archery Pavilion for the Sydney Olympic Games, the Birabahn Aboriginal and Torres Strait Islander Centre, and the Deepwater Woolshed. Each of these projects demonstrate Stutchbury’s profound knowledge of construction, materials, site and context, as well as his fundamentally intuitive architectural skills. The buildings are presented chronologically, providing a graphic depiction of the architect’s evolution. Each project is documented with formal drawings, concept sketches and project descriptions, and illustrated by colour and duotone photographs..."--Publisher description. 
526 |a ARC 
541 |a Department of Architecture   |e 33280 
600 |a Stutchbury, Peter  |d 1954-  |9 26830 
650 |a Architect-designed houses  |z Australia.  |9 26807 
650 |a Architecture  |z Australia  |x History  |y 20th century.  |9 26808 
650 |a Interior decoration  |z Australia.  |9 26831 
700 |a Bingham-Hall, Patrick.  |9 26809 
852 |a Department of Architecture   |c General Stacks 
942 |2 ddc  |c BK 
999 |c 39631  |d 39631 
952 |0 0  |1 0  |2 ddc  |4 0  |6 720_994000000000000_PET  |7 0  |9 63650  |a BRACUL  |b BRACUL  |c GEN  |d 2018-07-09  |e Department of Architecture   |l 1  |m 10  |o 720.994 PET  |p 3010033280  |r 2024-05-27  |s 2024-03-02  |t 1  |w 2018-07-09  |y BK  |x Transferred from ARC to BRACUL on 28/12/2023